| 000 | 01206nam a2200241Ia 4500 | ||
|---|---|---|---|
| 999 |
_c36707 _d36707 |
||
| 001 | 2636 | ||
| 003 | GE_BSU | ||
| 005 | 20190521141549.0 | ||
| 008 | 181216s1982||||ge |||||||||||||| ||geo|| | ||
| 040 | _cGE_BSU | ||
| 041 | _ageo | ||
| 080 | _a94(479.22) ჯ–14 | ||
| 100 |
_aჯავახიშვილი, ივანე _91461 |
||
| 245 |
_aთხზულებანი : 12 ტომად : _bტ. 6. [ქართული სამართლის ისტორიის I წიგნი და II წიგნის I ნაკვ. / _cტომის რედ.: ისიდორე დოლიძე. |
||
| 264 |
_aთბილისი : _bსაქ. სსრ მეცნ. აკადემია. _c1982. |
||
| 300 |
_a463 გვ. ; _b25 სმ. |
||
| 501 | _aბიბლიოგრ. ტექსტ. შენიშვნ. | ||
| 653 | _a ქართული ისტორიოგრაფია | ||
| 653 | _aსაქართველოს ისტორია | ||
| 653 | _aქართული სამართლის ისტორია | ||
| 700 |
_aდოლიძე, ისიდორე _eტომის რედ. _91462 |
||
| 942 |
_cBK _2udc |
||